000
00247nam a2200121Ia 4500
082
_a
611
_b
H11R
100
_a
RAJE, V.N.
245
_a
HUMAN ANATOMY & PHYSIOLOGY
260
_b
CBS- DELHI
300
_a
166
650
_a
ANATOMY
942
_2
ddc
_c
BK
_0
1
999
_c
7221
_d
7221